Normal view
MARC view
Entry Meeting Name
001 - CONTROL NUMBER
- control field: 414338
003 - CONTROL NUMBER IDENTIFIER
- control field:
005 - DATE AND TIME OF LATEST TRANSACTION
- control field: 20210602122548.0
008 - FIXED-LENGTH DATA ELEMENTS
- fixed length control field: 210602|| aca||aabn | a|a d
040 ## - CATALOGING SOURCE
- Original cataloging agency:
- Transcribing agency:
111 ## - HEADING--MEETING NAME
- Meeting name or jurisdiction name as entry element: International Symposium on Resource Allocation and Division of Space
- Date of meeting or treaty signing: (1975 Dec 14-17 :
- Location of meeting: Toba Near Nagoya, Japan)
670 ## - SOURCE DATA FOUND
- Source citation: Work cat.: (): International Symposium on Resource Allocation and Division of Space (1975 Dec 14-17 : Toba Near Nagoya, Japan)., Resource allocation and division of space :, 1977
